00549nam a2200193 a 4500001001300000003000900013005001700022008004100039020002300080082001800103100002500121245003800146260003900184300000900223500003500232505004300267650002000310700002500330nice12345678IN_TiNIC20260116014116.0080108s2001 dela grp 000 0 eng  a8120817591 c29500a294.5514bLYS aLysebeth, Andre` Van aTantrab The Cult of the Feminine aDelhi bMotilal Banarsidass c2001 a386p aincludes index and biblioraphy2 aAppendix, Glossary, Bibliography Index aTantra-Hinduism1 aLysebeth, Andre` Van